000 00339nam a2200133Ia 4500
003 LK-CoDNM
008 010623t xxu||||| |||| 00| 1 eng d
040 _aLK-CoDNM
_dLK-CoDNM
_eLK-CoDNM
041 _aeng
245 _aThe new Encyclopaedia Britannica
260 _bEncyclopaedia Britannica
_aChicago
300 _bp,pl., 28 cm
942 _cBK
999 _c136386
_d136386